000 00279nam a2200133Ia 4500
100 _aShukhov/Yu & Elenyev
942 _cBK
654 _aWorking
245 _aPress Working
260 _bMir Publishers
_aMoscow
_c1969
082 _a621.98
300 _a303
546 _aENGLISH
999 _c26877
_d26877